000
00159 a2200085 4500
041
_a
spa
100
_a
Anonimo
245
_a
La ciudad de metru nui
942
_c
BK
999
_c
12160
_d
12160